Countries of Oceania Quiz with Map - Statistics

General Stats
  • This quiz has been taken 341 times
  • The average score is 11 of 14
Answers on the Map
Answers color-coded by a green-red scale on the quiz's map according to % correct below.
 
Answer Stats
Answer % Correct
Australia
97%
New Zealand
96%
Fiji
90%
Papua New Guinea
88%
Solomon Islands
80%
Micronesia
79%
Marshall Islands
76%
Samoa
76%
Tuvalu
74%
Palau
72%
Tonga
71%
Kiribati
70%
Vanuatu
69%
Nauru
65%
No matching quizzes found
Score Distribution
Percent of People with Each Score
Percentile by Number Answered
Your Score History
You have not taken this quiz